| 000 | 00368cam a2200145ua 4500 | ||
|---|---|---|---|
| 020 | _a81-219-1141-9 | ||
| 082 |
_a621.301 _bTHE/TE |
||
| 100 |
_aTheraja, B L. _9782 |
||
| 245 | _aText book of electrical technology, Vol 2 / | ||
| 250 | _a1 / | ||
| 260 |
_aNew Delhi : _bS.Chand and Co , _c1996. |
||
| 300 | _a2100 ; . | ||
| 700 | 1 |
_aTheraja, A K. _9783 |
|
| 942 | _cBK | ||
| 999 |
_c10240 _d10240 |
||